Online Catalogue and eLibrary

Perspectives on Post-Colonial Literature (Record no. 3157)

MARC details
000 -LEADER
fixed length control field 00455nam a2200169Ia 4500
005 - DATE AND TIME OF LATEST TRANSACTION
control field 20241001054839.0
008 - FIXED-LENGTH DATA ELEMENTS--GENERAL INFORMATION
fixed length control field 240331s9999 xx 000 0 und d
020 ## - INTERNATIONAL STANDARD BOOK NUMBER
ISBN 1871438284
082 ## - DDC Classification
Item Number - Author Mark PER
Class No. 809
245 #0 - TITLE STATEMENT
Title Perspectives on Post-Colonial Literature
260 ## - PUBLICATION, DISTRIBUTION, ETC.
Place of publication, distribution, etc. London
Name of publisher, distributor, etc. Skoob Books Ltd
Date of publication, distribution, etc. 2001
300 ## - PHYSICAL DESCRIPTION
Extent (e.g. Volumes, Pages etc.) x, 214 p .,
650 ## - SUBJECT ADDED ENTRY--TOPICAL TERM
Topical term or geographic name entry element Post Colonial Literature
650 ## - SUBJECT ADDED ENTRY--TOPICAL TERM
Topical term or geographic name entry element Cultural Studies
700 ## - ADDED ENTRY--PERSONAL NAME
Personal name Goonetilleke, D.C.R.A.
Relator term (Role) Editor
942 ## - Koha item type (Biblio)
Koha item type Books in Stacks (Lending)
Holdings
Lost status Damaged status Collection code Home library Current library Shelving location Date acquired Full call number Accession Number Item type
    Lending WERC Library WERC Library Social Science Cupboard 03/31/2024 809.3 PER 4717 Books in Stacks (Lending)

© WERC Library